Ide o stratený domáci trh. Po národnej banke pripravuje regulačné opatrenia aj vláda.

Informácie o uvažovaných regulačných opatreniach vlády SR: zákon o štátnom podniku orientovaný na finančnú disciplínu, rozhýbanie finančných vzťahov, dovozná prirážka (ochrana trhu), bonifikácia vývozcov urýchľujúcich devízové inkasá zo zahraničia, povinnosť rozpočtovej sféry uprednostniť nákup domá...

Ausführliche Beschreibung

Gespeichert in:
Bibliographische Detailangaben
1. Verfasser: Kozlík, Sergej
Weitere Verfasser: Klimešová, E.
Format: Buchkapitel
Sprache:Slowakisch
Schlagworte:
Tags: Tag hinzufügen
Keine Tags, Fügen Sie das erste Tag hinzu!

MARC

LEADER 00000naa a2200000 4500
001 r012318
005 20220826094937.5
041 0 |a slo 
044 |a SK 
245 1 0 |a Ide o stratený domáci trh.  |b Po národnej banke pripravuje regulačné opatrenia aj vláda.  |c Sergej Kozlík, E. Klimešová 
520 |a Informácie o uvažovaných regulačných opatreniach vlády SR: zákon o štátnom podniku orientovaný na finančnú disciplínu, rozhýbanie finančných vzťahov, dovozná prirážka (ochrana trhu), bonifikácia vývozcov urýchľujúcich devízové inkasá zo zahraničia, povinnosť rozpočtovej sféry uprednostniť nákup domácich výrobkov porovnateľných so zahraničnými atď. 
610 2 0 |a regulácia hospodárska 
610 2 0 |a Slovensko 
610 2 0 |a vláda 
610 2 0 |a protekcionizmus 
610 2 0 |a podnik štátny 
610 2 0 |a disciplína finančná 
610 2 0 |a financie podnikové 
100 1 |a Kozlík, Sergej 
700 1 |a Klimešová, E.